LEADER 01050nam a2200217 i 4500 001 000000213113 003 CaOOAMICUS 005 20250923115946.0 008 120511s1930 xx u000 u lat u 013 $a191968 040 $aSeMil$bita 100 1 $aLorenzo : da Brindisi,$c.$0(OLS)http://semarc/name/2552 245 10$a2.1: Lutheranismi hypotyposis. Pars 1. Hypotyposis Martini Lutheri. 264 1$aPatavii :$bex Officina typographica seminarii,$c1930. 300 $aXLV, 524 p., [6] carte di tav. :$bill. ;$c29 cm 773 0 $aLorenzo : da Brindisi $tS. Laurentii a Brundusio Opera omnia.$dPatavii : ex Officina typographica seminarii, 1928-1944.$g2$w()3343 850 $aSeMil 852 $aSeMil$W1$xVenegono$y1$m2D V 27$j163543$B163543$CSeMilBibl$Z2$F174596 $81 996 $6245$a2.1: Lutheranismi hypotyposis. Pars 1. Hypotyposis Martini Lutheri$9(OLS)http://semarc/title/307398 996 $6264$aPatavii :$bex Officina typographica seminarii$9(OLS)http://semarc/publisher/62591 LEADER 00579nam a2200169 i 4500 001 000000219233 003 CaOOAMICUS 005 20130314000000.0 008 130314s1884 it u000 u ita u 013 $a198130 040 $aSeMil$bita 245 10$aVol. 3. 300 $a539 p. 773 0 $aRosmini, Antonio $tAntropologia soprannaturale.$dCasale Monferrato : Tipografia Giovanni Pane, 1884.$g3$w()28202 850 $aSeMil 852 $aSeMil$W1$xVenegono$y1$m2L V 5 FA$j169598$B169598$CSeMilBibl$Z2$F180367 $8I 996 $6245$aVol. 3$9(OLS)http://semarc/title/80712